000 00449nam a22001571a 4500
008 220501s1991 xx 000 0 eng d
082 _a658.402
_bADA-E
100 _aAdair, John
245 _aEffective team building /
260 _bRupa & co ,
_c1991.
_aNew Delhi :
300 _aviii, 212 p. ;
650 _aGeneral Books
650 _aManagement - Employee participation - United States
650 _aTeams in the workplace
942 _2ddc
_cBK
999 _c20433
_d20433